Províncias de Portugal em 1936 com um mapa - Statistics

Estatísticas Gerais
  • Esse quiz foi jogado 34 vezes
    22 desde o último reset
  • A pontuação média é 9 de 11
Respostas no mapa
Respostas codificadas por cores de uma escala verde-vermelha no mapa do quiz de acordo com a % correta abaixo.
 
Estatísticas das Respostas
Resposta % Correto
Algarve
100%
Trás-os-Montes e Alto Douro
100%
Duoro Litoral
92%
Estremadura
92%
Minho
85%
Ribatejo
85%
Alto Alentejo
77%
Baixo Alentejo
77%
Beira Alta
77%
Beira Baixa
77%
Beira Litoral
62%
Nenhum quiz correspondente encontrado
Distribuição das Pontuações
Porcentagem de Pessoas com Cada Pontuação
Percentil de Números Respondidos
Sua Pontuação Histórica
Você não jogou esse quiz desde o último reset